<?xml version="1.0" encoding="UTF-8"?>
<marc:record xmlns:marc="http://www.loc.gov/MARC21/slim">
   <marc:leader>00000nam a2200000 a 4500</marc:leader>
   <marc:datafield ind1="1" ind2=" " tag="100">
      <marc:subfield code="a">Steininger, Rolf</marc:subfield>
      <marc:subfield code="4">aut</marc:subfield>
      <marc:subfield code="e">Verfasser/-in</marc:subfield>
   </marc:datafield>
   <marc:datafield ind1=" " ind2=" " tag="653">
      <marc:subfield code="a">Kubakrise</marc:subfield>
   </marc:datafield>
   <marc:datafield ind1="0" ind2="0" tag="245">
      <marc:subfield code="a">Die Kubakrise 1962</marc:subfield>
   </marc:datafield>
   <marc:datafield ind1="0" ind2="0" tag="245">
      <marc:subfield code="b">dreizehn Tage am atomaren Abgrund</marc:subfield>
   </marc:datafield>
   <marc:datafield ind1="0" ind2="0" tag="245">
      <marc:subfield code="c">Rolf Steininger</marc:subfield>
   </marc:datafield>
   <marc:datafield ind1=" " ind2="1" tag="264">
      <marc:subfield code="a">München</marc:subfield>
      <marc:subfield code="b">Olzog</marc:subfield>
      <marc:subfield code="c">2011</marc:subfield>
   </marc:datafield>
   <marc:datafield ind1="1" ind2=" " tag="520">
      <marc:subfield code="a">Angaben aus der Verlagsmeldung

Die Kubakrise 1962 : Dreizehn Tage am atomaren Abgrund / von Rolf Steininger

Am 27. Oktober 1962 stand die Welt am Rande eines Atomkrieges: Sowjetische Atomraketen auf Kuba waren einsatzbereit, von den 80 Marschflugkörpern mit je einem Atomsprengkopf in Hiroshima-Stärke waren drei gegen die US-Basis Guantánamo in Stellung gebracht, auf einem sowjetischen U-Boot ein Nukleartorpedo scharf gemacht worden, während die amerikanischen Militärs letzte Einzelheiten für die Invasion Kubas und die Beseitigung Fidel Castros festlegten. Der atomare Holocaust blieb der Welt dennoch erspart. Eine der gefährlichsten Krisen des Kalten Krieges wurde in letzter Minute entschärft. Wie diese Krise entstanden war und wie sie verlief, untersucht der Autor – einer der besten Kenner des Kalten Krieges – auf der Basis neuester Quellen aus westlichen und östlichen Archiven.
</marc:subfield>
   </marc:datafield>
   <marc:datafield ind1=" " ind2=" " tag="020">
      <marc:subfield code="a">9783789282751</marc:subfield>
      <marc:subfield code="9">9783789282751</marc:subfield>
   </marc:datafield>
   <marc:datafield ind1=" " ind2=" " tag="041">
      <marc:subfield code="a">ger</marc:subfield>
   </marc:datafield>
   <marc:datafield ind1=" " ind2=" " tag="300">
      <marc:subfield code="a">173 S.</marc:subfield>
   </marc:datafield>
</marc:record>
